01020nam a2200229 a 4500001001000000003000500010005001700015008004100032010001100073011001100084040000900095100003900104245019200143260004100335500006000376502012600436502005200562650003800614650003100652650003700683856007000720000111608CHAP20220329144221.0150619s2015 mx sm |||||||spa d a108069 a109041 cCHAP1 aMauricio Pérez, Azucelli Maythe.10aAnálisis de la humedad de un invernadero semicerrado con cultivo de jitomate (Solanum lycopersicum) mediante modelos de simulaciónh[En línea]cpor Azucelli Maythe Mauricio Pérez. aChapingo, Méx. :bEl autor,c2015. aPara ver el contenido del material haga clic en la liga aTesis (M. en Ingeniería Agrícola y Uso Integral del Agua) -- UACH. Departamento de Ingeniería Mecánica Agrícola aUACH. Departamento Ingeniería en Irrigación14aHumedadxModelos de simulación.14aTomatexControl ambiental.14aTomatexCultivos en invernadero. aFinding aiduhttp://10.13.5.2/tesis/sist111608.pdfzTeclea aquí